24 hours in the taiga / Alicia Z. Klepeis.
Available copies
- 1 of 1 copy available at LARL/NWRL Consortium. (Show)
- 1 of 1 copy available at Northwest Regional Library.
Current holds
0 current holds with 1 total copy.
Show Only Available Copies
| Location | Call Number / Copy Notes | Barcode | Shelving Location | Status | Due Date |
|---|---|---|---|---|---|
| Red Lake Falls Public Library | j 577.3 KLE (Text) | 35500006787939 | Main | Available | - |
Record details
- ISBN: 9781502624840
- ISBN: 1502624842
- Physical Description: 48 pages : color illustrations, color map ; 24 cm.
- Edition: First edition.
- Publisher: New York : Cavendish Square, 2018.
Content descriptions
| Bibliography, etc. Note: | Includes bibliographical references and index. |
| Formatted Contents Note: | Dawn -- Morning -- Afternoon -- Evening -- Night ... Read More |
| Summary, etc.: | Life in the Taiga is severely restricted by ... Read More |
Search for related items by subject
| Subject: | Taiga ecology. Permafrost forest ecology. Taigas. Forests and forestry > Northern Hemisphere. Forests and forestry. Permafrost forest ecology. Taiga ecology. Taigas. Northern Hemisphere. |
| Genre: | Literature. Literature. |
Search for related items by series
| LDR | 02986cam a2200625 i 4500 | ||
|---|---|---|---|
| 001 | 438280 | ||
| 003 | LARL_NWRL_CONSORTIUM | ||
| 005 | 20240524133027.0 | ||
| 008 | 161220t20182018nyuab b 001 0 eng | ||
| 010 | . | ‡a 2016057667 | |
| 040 | . | ‡aDLC ‡beng ‡erda ‡cDLC ‡dOCLCF ‡dBTCTA ‡dYDX ‡dBDX ‡dSINLB ‡dCHILD ‡dDLC ‡dJDP ‡dOCLCQ ‡dOCLCO ‡dOCL ‡dOCLCO ‡dOCLCL | |
| 019 | . | ‡a978664748 ‡a978865907 ‡a979802572 ‡a980257571 ‡a980580210 ‡a980715663 ‡a980977485 | |
| 020 | . | ‡a9781502624840 ‡q(library bound) | |
| 020 | . | ‡a1502624842 | |
| 020 | . | ‡z9781502624857 | |
| 020 | . | ‡z1502624850 | |
| 035 | . | ‡a(OCoLC)967133909 ‡z(OCoLC)978664748 ‡z(OCoLC)978865907 ‡z(OCoLC)979802572 ‡z(OCoLC)980257571 ‡z(OCoLC)980580210 ‡z(OCoLC)980715663 ‡z(OCoLC)980977485 | |
| 042 | . | ‡apcc | |
| 043 | . | ‡axb----- | |
| 082 | 0 | 0. | ‡a577.3/7 ‡223 |
| 100 | 1 | . | ‡aKlepeis, Alicia, ‡d1971- ‡0(LARL_NWRL_CONSORTIUM)220803 |
| 245 | 1 | 0. | ‡a24 hours in the taiga / ‡cAlicia Z. Klepeis. |
| 246 | 3 | . | ‡aTwenty-four hours in the taiga |
| 250 | . | ‡aFirst edition. | |
| 264 | 1. | ‡aNew York : ‡bCavendish Square, ‡c2018. | |
| 300 | . | ‡a48 pages : ‡bcolor illustrations, color map ; ‡c24 cm. | |
| 336 | . | ‡atext ‡btxt ‡2rdacontent | |
| 337 | . | ‡aunmediated ‡bn ‡2rdamedia | |
| 338 | . | ‡avolume ‡bnc ‡2rdacarrier | |
| 490 | 0 | . | ‡aDay in an Ecosystem |
| 504 | . | ‡aIncludes bibliographical references and index. | |
| 505 | 0 | . | ‡aDawn -- Morning -- Afternoon -- Evening -- Night -- Fast facts -- Glossary. |
| 520 | . | ‡aLife in the Taiga is severely restricted by weather and geography. Temperatures drop early and stay low in for nearly eight months, making the growing season short. Spend a day in the Taiga and witness the struggle for life by the often large creatures who have adapted to this harsh climate. | |
| 650 | 0. | ‡aTaiga ecology. ‡0(LARL_NWRL_CONSORTIUM)32351 | |
| 650 | 0. | ‡aPermafrost forest ecology. | |
| 650 | 0. | ‡aTaigas. ‡0(LARL_NWRL_CONSORTIUM)32352 | |
| 650 | 0. | ‡aForests and forestry ‡zNorthern Hemisphere. | |
| 650 | 7. | ‡aForests and forestry. ‡2fast ‡0(LARL_NWRL_CONSORTIUM)20621 | |
| 650 | 7. | ‡aPermafrost forest ecology. ‡2fast | |
| 650 | 7. | ‡aTaiga ecology. ‡2fast ‡0(LARL_NWRL_CONSORTIUM)32351 | |
| 650 | 7. | ‡aTaigas. ‡2fast ‡0(LARL_NWRL_CONSORTIUM)32352 | |
| 651 | 7. | ‡aNorthern Hemisphere. ‡2fast ‡0(LARL_NWRL_CONSORTIUM)160043 | |
| 655 | 7. | ‡aLiterature. ‡2fast | |
| 655 | 7. | ‡aLiterature. ‡2lcgft | |
| 901 | . | ‡a438280 ‡bAUTOGEN ‡c438280 ‡tbiblio | |

Add to basket
Permalink
Disable Highlighting